| 000 | 00413 a2200157 4500 | ||
|---|---|---|---|
| 003 | Nust | ||
| 005 | 20170207153552.0 | ||
| 040 | _cNust | ||
| 082 | _a005.1 | ||
| 100 | _aZahid, Muahmmad Adeel MSCS-14 | ||
| 245 |
_aIntelligent roaman urdu transliteration framework _cMuahmmad Adeel Zahid, MSCS-14 |
||
| 260 |
_bMCS _cMarch, 2011 |
||
| 300 | _axi, 91 p | ||
| 538 | _aAlmirah No 69 Shelf No 6 | ||
| 650 | _aMSCS Thesis | ||
| 942 | _cTHS | ||
| 999 |
_c188907 _d188907 |
||